Skip to content
VuFind
Login
All Fields
Title
Author
Subject
Call Number
ISBN/ISSN
Tag
Find
Advanced
Narthna samprada
Cite this
Text this
Email this
Print
Export Record
Export to RefWorks
Export to EndNoteWeb
Export to EndNote
Export to MARC
Export to BibTeX
Export to RIS
Save to List
Permanent link
Narthna samprada
Saved in:
Bibliographic Details
Format:
Book
Published:
Colombo
Godage
1997
Tags:
Add Tag
No Tags, Be the first to tag this record!
Holdings
Description
Comments
Similar Items
Staff View
MARC
LEADER
00000nam a2200000 a 4500
020
|a
9789552023835
082
|a
792.8
245
|a
Narthna samprada
260
|a
Colombo
|b
Godage
|c
1997
300
|a
174p. ill. 21cm.
942
|c
AFW
999
|c
145458
|d
145458
Similar Items
Prag bauddha bharathiya agam darshana samprada - vicharathmaka handunvadimak
by: Wickramasinghe, Anura N.
Published: (2008)
Koreave Bududahama
by: Edirisinghe, Daya
Published: (1997)
Kos gas handiya
by: Ranjith Kumara, A. D.
Published: (1997)
Kotte yugaye sandesha kavya
Published: (1997)
Kok ugula
by: Siriwardhana, Denagama
Published: (1997)